Регионална библиотека "Любен Каравелов" - Русе

Български книжици (Запис номер 391655)

MARC детайли
000 -Лидер
Контролно поле с фиксирана дължина nmm a22 a 4500
003 - Код на организацията, давaща контролен номер
Контролно поле BLK
005 - Дата и час на последна редакция
Контролно поле 20230406030504.0
008 - Елементи от данни с фиксирана дължина
fixed length control field 201119b bu ||||| |||| 00| 0 bu d
037 ## - Източник за комплектуване - предоставяща организация
Предоставяща организация (билиотека) Читалище "Постоянство" 1856 - Лом
040 ## - Източник на каталожния запис
Идентификатор на билиотеката - собственик на записа BLK
041 ## - Код за език
Код за езика на текст/звукозапис или на отделно заглавие Български
Код за езика КДБФ Български
080 ## - УДК
Текстов определител УДК Литературна критика
УДК код - определител по УДК 82.09
УДК - код + определител 82.09
080 ## - УДК
Текстов определител УДК Общо езикознание. Лингвистика
УДК код - определител по УДК 81`1
УДК - код + определител 81`1
080 ## - УДК
Текстов определител УДК Българска литература
УДК код - определител по УДК 821.163.2
УДК определител .09
УДК - код + определител 821.163.2.09
139 ## - Редно поле
Редна дума Български книжици
Авторски знак Бъл - Б 92
245 ## - Сведения за заглавието
Заглавие Български книжици
Подзаглавни данни Повременно снисание на Българската книжнина : Г. 1 (1858) - Г. 3 (1860)
Том Г. 1, Ч. 1, Кн. 1
257 ## - Страна на издаване
Страна на създаване/издаване България
260 ## - Област на издателските данни
9 (RLIN) 393107
Място на издаване, разпространение и проч. Цариград
Име на издателя, разпространителя и проч. б.и.
Година на издаване 1860
Печатница Цариград : Д. Цанкова, Б. Миркова
300 ## - Физическа характеристика
Страници 1333 с.
Размери/Мащаб 17x23 см
380 ## - Жанр
Жанр История
490 ## - СЕРИИ (Колекции)
9 (RLIN) 410374
Име на серия Писмените съкровища на Долен Дунав
500 ## - Общи забележки
Забележка Книгата е от Народно читалище "Постоянство" 1856 - Лом по проект "Писмените съкровища на Долен Дунав". - Периодичност: два пъти месечно.
650 #0 - Допълнително описание по предмет – тема
9 (RLIN) 259009
Основно описание – тема или топоним Литературна критика
650 #7 - Допълнително описание по предмет – тема
9 (RLIN) 154355
Основно описание – тема или топоним Езикознание
650 #7 - Допълнително описание по предмет – тема
9 (RLIN) 160438
Основно описание – тема или топоним Лингвистика
650 #0 - Допълнително описание по предмет – тема
Основно описание – тема или топоним Българска литература
9 (RLIN) 243597
856 ## - Електронен адрес и достъп
Електронен формат pdf - файл
Път до файла /url/ http://87.120.137.51:18080/cgi-bin/koha/opac-retrieve-file.pl?id=c972611c0969ffd21214fdf3e31a8d36
Инструкция (цена за достъп) 0.00
Права за достъп disable
999 ## - СИСТЕМНИ КОНТРОЛНИ НОМЕРА
Koha biblionumber 391655
Koha biblioitemnumber 391655
942 ## - АРТИКУЛИ
Вид на библиотечния материал Електронен екземпляр
Скрит в OPAC Не
Периодичен библиозапис Да
944 ## - СЪЗДАВАНЕ И РЕДАКЦИЯ на ЗАПИСА
Създаване/Редакция Създаване
Дата на регистрацията/редакция 2020-11-19
Служител, извършил регистрацията/редакцията Кристиан Велковски
Статус, дата на статуса 2020-11-19
944 ## - СЪЗДАВАНЕ И РЕДАКЦИЯ на ЗАПИСА
Създаване/Редакция Редакция
Дата на регистрацията/редакция 2023-04-05
Служител, извършил регистрацията/редакцията Кети
999 ## - СИСТЕМНИ КОНТРОЛНИ НОМЕРА
Koha biblioitemnumber 391655
Наличности
Код за отписване Код за изгубен артикул Източник на класификационната схема Код за повреда Коз за рестрикции Код за отдаване Артикулен № Име на библиотеката - собственик Име на библиотеката, в която се намира в момента Статус (Текущо местоположение) Дата на вписване в системата Местоположение - отдел Цена в лева Баркод Цена в евро Служебен тип на артикула
  Не е изгубен Universal Decimal Classification Не е повреден без рестрикции заемане за дома 810669 Регионална библиотека "Любен Каравелов" Русе Регионална библиотека "Любен Каравелов" Русе ROBG-290 Писмените съкровища на Долен Дунав 2021-02-05 ROBG-290 Писмените съкровища на Долен Дунав 0.00 700000000198 0.00 Електронен екземпляр
Vip Innovations Ltd, Rousse, Bulgaria 2025